000 00412nam a22001697a 4500
005 20160530114508.0
008 160530b xxu||||| |||| 00| 0 eng d
020 _a978-0-07-06190-0
041 _aeng
082 _b6034
100 _aHavaldar, Krishna K & Cavale, Vasant M
_91507
245 _aSales and Distribution Mgt.
260 _bTMH
_c2009
300 _ac-37
650 _aManagement
_9241
942 _cBK
999 _c2131
_d2130